000 00342nam a22001457a 4500
003 OSt
008 231026b |||||||| |||| 00| 0 eng d
041 _ahin
082 _a891.54
_bAHA/SI
100 _aAhamad Abbas, Khwaja
_95541
245 _aSitarom se aage /
260 _aDelhi
_bRajkamal Prakasan Pvt. Ltd.
300 _a114
942 _cBK
999 _c17760
_d17760